Welche Bildung brauchen Schuler : Vom Umgang mit dem Unterichtsstoff
Αποθηκεύτηκε σε:
| Κύριος συγγραφέας: | |
|---|---|
| Μορφή: | Βιβλίο |
| Γλώσσα: | German |
| Δημοσίευση: |
Bad Heilbrunn :
Julius Klinkhardt,
1993
|
| Θέματα: | |
| Ετικέτες: |
Προσθήκη ετικέτας
Δεν υπάρχουν, Καταχωρήστε ετικέτα πρώτοι!
|
MARC
| LEADER | 00000nam a2200000 i 4500 | ||
|---|---|---|---|
| 001 | 1/64293 | ||
| 008 | 041029s1993 ger d | ||
| 020 | |a 3-7815-0743-2 | ||
| 035 | |l 10074981 | ||
| 040 | |a GR-MY-UA |b gre |e aacr | ||
| 041 | 0 | |a ger | |
| 082 | 0 | |a 371.3 |2 (21) | |
| 100 | 1 | |a Aschersleben, Karl |d 1936- | |
| 245 | 1 | 0 | |a Welche Bildung brauchen Schuler : |b Vom Umgang mit dem Unterichtsstoff / |c von Karl Ascherleben |
| 260 | |a Bad Heilbrunn : |b Julius Klinkhardt, |c 1993 | ||
| 300 | |a 168 p.; |c 21 cm | ||
| 650 | 0 | 0 | |a Teaching. |
| 852 | |a INST |b RHODES |e 20041029 |h 371.3 ASC |p 005400017969 |q 005400017969 |t BK |y 0 | ||
| 901 | |a BIBL4-2004-3 | ||
| 909 | |a Ρ |b 115145 | ||
| 922 | |a 4ΕΛΗ |b 200410 |c ΕΠΕΑΕΚ2/ΠΤΔΕ |d ΜΙΧΑΛΟΠΟΥΛΟΣ | ||
| 950 | |a 095-2004-06-16 | ||
| 970 | |a ΧΟΡΟΖΙΔΟΥ |b ΤΖΕΝΗ |z 2004/12/10 | ||